000 00562nam a22001697a 4500
003 OSt
005 20260309151352.0
008 260309b |||||||| |||| 00| 0 eng d
040 _cMRSPTU
041 _aEnglish
100 _aNisha Singh Rathor,, Supervisor: Dr. Ved Parkash Arora
245 _aMitigation of Power Quality Issues in Distribution Network Using Topologies of DVR
260 _bDepartment of EE, MRSPTU, Bathinda
_c2021
650 _aElectrical Engineering
856 _uhttp://163.47.215.52:8080/jspui/handle/123456789/401
942 _2ddc
_cTH
_n0
999 _c11095
_d11095